Dobrý člověk a jiné povídky /

Hlavní autor: Němcová, Božena, 1820-1862
Další autoři: Vodrážka, Josef, 1900-
Jazyk: Čeština
Vydáno: V Praze : L. Mazáč, 1939
Vydání: 6. vyd.
Externí odkaz: Digitalizovaný dokument
Fyzický popis: 259 s. : il. ; 8°
Knihy
Uloženo v:
LEADER 01002nam a22002772a 4500
001 000233936
003 CZ BrMZK
005 20140919113307.0
007 ta
008 950101s1939 xr a f cze d
015 |a cnb000752497 
020 |q (Váz.) 
035 |a (OCoLC)85628038 
040 |a BOA001  |b cze 
100 1 |a Němcová, Božena,  |d 1820-1862  |7 jk01083016  |4 aut 
245 1 0 |a Dobrý člověk a jiné povídky /  |c Božena Němcová ; [10 vyobrazení Jos. Vodrážky] 
250 |a 6. vyd. 
260 |a V Praze :  |b L. Mazáč,  |c 1939 
300 |a 259 s. :  |b il. ;  |c 8° 
500 |a Dostupné též v digitální podobě v aplikaci Kramerius 
700 1 |a Vodrážka, Josef,  |d 1900-  |7 xx0049301  |4 ill 
856 4 1 |u http://www.digitalniknihovna.cz/mzk/uuid/uuid:b4f60540-47df-11e6-ab2f-005056827e52  |y Digitalizovaný dokument  |x NDK 
910 |a BOA001  |b 2-0401.803 
990 |a BK 
991 |b 201409 
996 6 |b 2619898999  |c 2-0401.803  |l MZK  |r Sklad / do 24 hodin  |n 9  |w 000233936  |u 000010  |a 1  |e BOA001  |j MZK50  |s P